| 000 | 00496nam a22001697a 4500 | ||
|---|---|---|---|
| 999 |
_c60515 _d60515 |
||
| 005 | 20230810132357.0 | ||
| 008 | 230810s1981 enk||||| |||| 00| 0 eng d | ||
| 020 | _a035606798X | ||
| 041 | _aeng | ||
| 080 | _a355+94 C-74 | ||
| 100 |
_a Connolly, Peter _919655 |
||
| 245 |
_aGreece and Rome at war / _cPeter Connolly. |
||
| 264 |
_aLondon : _bMacdonald, _c1981. |
||
| 300 |
_a320 p. _bill.; _c30 cm. |
||
| 653 | _aსაბერძნეთი და რომი ომში | ||
| 942 |
_2udc _cBK |
||